| 000 | 00490nam a22001817a 4500 | ||
|---|---|---|---|
| 001 | 196202 | ||
| 003 | 0 | ||
| 005 | 20260221085256.0 | ||
| 008 | 260221b |||||||| |||| 00| 0 POR d | ||
| 020 | _a9788590367536 | ||
| 040 | _cAnglo Leonardo da Vinci | ||
| 100 |
_aDias, Gisele Pecchio _92206 |
||
| 245 |
_aUma aventura na Amazônia _bRaycha _cGisele Pecchio Dias |
||
| 300 | _a64 p. | ||
| 490 |
_aColeção Toby _vv. 3 |
||
| 650 | 0 |
_aLiteratura infantojuvenil _91113 |
|
| 942 |
_2ddc _cBK _n0 |
||
| 999 |
_c196202 _d196202 |
||